| 000 | 00826nam a2200277 a 4500 | ||
|---|---|---|---|
| 001 | 57919 | ||
| 003 | BD-RjUL | ||
| 005 | 20211209080551.0 | ||
| 008 | 161212r19931977ii b 000 0 eng | ||
| 020 | _cRs45.00 | ||
| 035 | _a(BD-RjUL)58043 | ||
| 040 |
_aDLC _cDLC _dDLC _beng |
||
| 041 | _aeng | ||
| 082 | 0 | 0 |
_a305.51220954 _bTRI 1993 |
| 245 | 0 | 0 |
_aTribe, caste, and religion in India / _cedited by Romesh Thapar. |
| 260 |
_a[Delhi] : _bMacmillan Co. of India, _c1977 [Reprinted 1993] |
||
| 300 |
_ax, 168 p. ; _c22 cm. |
||
| 504 | _aIncludes bibliographical references. | ||
| 650 | 0 |
_aTribes _zIndia. _9172025 |
|
| 650 | 0 |
_aCaste _zIndia. _9171678 |
|
| 651 | 0 |
_aIndia _xScheduled tribes. _9172026 |
|
| 651 | 0 |
_aIndia _xReligion. _9170904 |
|
| 700 | 1 |
_aThapar, Romesh. _9172027 |
|
| 942 |
_2ddc _cBK |
||
| 999 |
_c57919 _d57919 |
||